Richest companies in the world A-Z 2011 (by revenues) Quiz Stats

 Plays Quiz not verified by Sporcle

Challenge
Share
Tweet
Embed
Score 0/26 Timer 10:00
0 Plays Today
Letter Company % Correct
BBP
71.9%
WWal-Mart Stores
71.9%
TToyota Motor
66.2%
EExxon Mobil
55.4%
RRoyal Dutch Shell
55.4%
VVolkswagen
43.2%
GGeneral Electric
38.8%
ZZurich Financial Services Group
30.9%
HHewlett-Packard
28.8%
DDaimler
27.3%
IING Group
18%
KKroger
18%
FFannie Mae
15.1%
Letter Company % Correct
NNippon Telegraph & Telephone Corporation
15.1%
AAXA
14.4%
PPetrobras
14.4%
UUnitedHealth Group
11.5%
SSinopec Group
8.6%
XXstrata
5%
MMcKesson
5%
CChina Natural Petroleum
2.9%
OOld Mutual Financial
2.9%
QQuanta Computer Incorporation
2.2%
LLloyds Banking Group
2.2%
JJapan Post Holdings
1.4%
YYamada Denki
0.7%

You're not logged in!

Compare scores with friends on all Sporcle quizzes.
Join for Free
OR
Log In

You Might Also Like...

Show Comments

Extras

Top Quizzes Today


Score Distribution

Your Account Isn't Verified!

In order to create a playlist on Sporcle, you need to verify the email address you used during registration. Go to your Sporcle Settings to finish the process.

Report this User

Report this user for behavior that violates our Community Guidelines.

Details: